| 000 | 00558nam a2200181Ia 4500 | ||
|---|---|---|---|
| 003 | OSt | ||
| 005 | 20191226110144.0 | ||
| 008 | 190216s9999||||xx |||||||||||||| ||und|| | ||
| 020 | _a9781107619166 | ||
| 040 | _coclc | ||
| 082 |
_a330.015195 _bASA/I |
||
| 100 |
_aAsano, Akihito _9770 |
||
| 245 | 3 |
_aAn Introduction To Mathematics For Economics / _cAkihito Asano |
|
| 260 |
_bCambridge Uty Press, _c2013. _aNew Delhi: |
||
| 300 | _a267p | ||
| 650 | _aMathematical Economics | ||
| 942 |
_cBK _2ddc _h330.015195 _iASA/I _k330.015195 _mASA/I |
||
| 999 |
_c11216 _d11216 |
||